000
00205 a2200109 4500
020
_a
2808489675447
041
_a
spa
100
_a
Lars Klinting
245
_a
Castor Jardinero
942
_c
BK
952
_7
4
999
_c
20615
_d
20615